European criminal policy
Az európai kriminálpolitika létezése és főbb jellemzőinek megállapítása, valamint analitikus bemutatása a jelen tanulmány célja. Az európai kriminálpolitika – ami jelentősen különbözik és markánsan elkülönül a tagállami kriminálpolitikáktól – legfőbb jellemzője az, hogy nem érzékeny a tagállami párt...
Elmentve itt :
| Szerző: | |
|---|---|
| Dokumentumtípus: | Cikk |
| Megjelent: |
2019
|
| Sorozat: | Acta Universitatis Szegediensis : forum : acta juridica et politica
9 No. 2 |
| Kulcsszavak: | Büntetőjog - Európai Unió, Kriminálpolitika |
| Tárgyszavak: | |
| Online Access: | http://acta.bibl.u-szeged.hu/68898 |
| LEADER | 01899nab a2200229 i 4500 | ||
|---|---|---|---|
| 001 | acta68898 | ||
| 005 | 20230310140312.0 | ||
| 008 | 200610s2019 hu o 0|| hun d | ||
| 022 | |a 2063-2525 | ||
| 040 | |a SZTE Egyetemi Kiadványok Repozitórium |b hun | ||
| 041 | |a hun | ||
| 041 | |a eng | ||
| 100 | 1 | |a Karsai Krisztina | |
| 245 | 1 | 0 | |a European criminal policy |h [elektronikus dokumentum] / |c Karsai Krisztina |
| 260 | |c 2019 | ||
| 300 | |a 63-81 | ||
| 490 | 0 | |a Acta Universitatis Szegediensis : forum : acta juridica et politica |v 9 No. 2 | |
| 520 | 3 | |a Az európai kriminálpolitika létezése és főbb jellemzőinek megállapítása, valamint analitikus bemutatása a jelen tanulmány célja. Az európai kriminálpolitika – ami jelentősen különbözik és markánsan elkülönül a tagállami kriminálpolitikáktól – legfőbb jellemzője az, hogy nem érzékeny a tagállami pártpolitikai befolyásokra, míg ezzel szemben a kriminálpolitika a hagyományos nemzeti keretrendszerben értelmezve nem létezik és alighanem nem is létezhet enélkül. A szerző bemutatja az európai kriminálpolitika rövid előtörténetét, megszületésének körülményeit, jelenlegi aktorait és a fent említetten kívüli főbb attribútumait, amelyek az európai területiség elvéből, a kölcsönös bizalomból, az uniós jog funkcionalitásából és az emebri jogok uniós védelméből építkeznek. A tanulmány kitér arra is, hogy e fő jellemzőket a jelenlegi uniós közpolitikai és jogalkotási tendenciákban milyen hatások érik, valamint a szerző megfogalmazza az elemzésein alapuló prognózisait az európai kriminálpolitika jövőjét illetően is. | |
| 650 | 4 | |a Társadalomtudományok | |
| 650 | 4 | |a Jogtudomány | |
| 695 | |a Büntetőjog - Európai Unió, Kriminálpolitika | ||
| 856 | 4 | 0 | |u http://acta.bibl.u-szeged.hu/68898/1/juridpol_forum_009_002_063-081.pdf |z Dokumentum-elérés |